Statistics for Biggest U.K. City/Town By Letter

Click here to take the quiz!

General Stats

  • This quiz has been taken 104 times
    (89 since last reset)
  • The average score is 14 of 25

Answer Stats

LetterHintCityPopulation% Correct
CWalesCardiff447,287
97%
EScotlandEdinburgh464,990
96%
LEnglandLondon8,961,989
96%
BEnglandBirmingham984,333
95%
AScotlandAberdeen213,688
93%
GScotlandGlasgow591,620
93%
MEnglandManchester395,515
92%
NEnglandNottingham321,500
77%
SEnglandSheffield685,368
75%
DEnglandDerby270,468
73%
KEnglandKingston upon Hull314,018
71%
OEnglandOxford171,380
68%
IEnglandIpswich178,835
67%
YEnglandYork153,717
66%
WEnglandWolverhampton252,791
52%
HEnglandHuddersfield149,017
42%
REnglandReading318,014
42%
PEnglandPreston313,332
40%
TEnglandTelford147,980
26%
UEnglandUxbridge70,000
21%
JEnglandJarrow29,017
19%
ZEnglandZeal693
11%
FEnglandFarnborough57,486
10%
VEnglandVerwood8,737
3%
QEnglandQuedgeley11,800
1%

Score Distribution

Percentile by Number Answered

Percent of People with Each Score

Your Score History

You have not taken this quiz since the last reset